Vainqueurs du Master 1000 d'Indian Wells - Statistiques

Statistiques générales
  • Ce quiz a été pris 70 fois
  • Le résultat moyen est 23 sur 34
Statistiques - réponses
Champions % Correct
2016 Djokovic
100%
2015 Djokovic
100%
2014 Djokovic
100%
2011 Djokovic
100%
2008 Djokovic
100%
2017 Federer
98%
2012 Federer
98%
2006 Federer
98%
2005 Federer
98%
2004 Federer
98%
2013 Nadal
98%
2009 Nadal
98%
2007 Nadal
98%
2024 Alcaraz
95%
2023 Alcaraz
95%
1995 Sampras
71%
1994 Sampras
71%
2001 Agassi
69%
2018 Del potro
67%
2019 Thiem
59%
2022 Fritz
50%
2003 Hewitt
47%
2002 Hewitt
47%
2021 Norrie
41%
1990 Edberg
38%
1993 Courier
36%
1991 Courier
36%
1997 Chang
29%
1996 Chang
29%
1992 Chang
29%
1998 Rios
26%
2010 Ljubicic
21%
1999 Philippoussis
14%
2000 Corretja
10%
Aucun quiz correspondant
Distribution des résultats
% des personnes avec chaque résultat
Percentile par nombre de réponses
Votre historique - résultats
Vous n’avez pas pris ce quiz